00540nam a2200181 a 45000010010000000030011000100080041000210350026000620820014000881000020001022450022001222600041001446500035001859420012002209520091002329980020003239990015003430000-9156ELIB.Books110520 1971  a(ELIB.Books)0000-9308 a241 bFro aFromke, De Vern aUnto Full Stature bU.S.A: Ministry of Life, Inc. c1971 aDictionary of Christian Ethics 2ddccBK 00102ddc4070aKBTSbKBTSd2011-05-20l0p11799r2022-01-22 00:00:00w2022-01-22yBK cbate2011-05-20 c9156d9156